ՀՀ Գիտությունների ազգային ակադեմիայի հիմնարար գիտական գրադարան  =   Fundamental Scientific Library of NAS RA

Asymptotic combinatorics with application to mathematical physics / (Record no. 87283)

MARC details
000 -LEADER
fixed length control field 01430nam a2200289 u 4500
001 - CONTROL NUMBER
control field 000245075
003 - CONTROL NUMBER IDENTIFIER
control field AM-YeHGA
005 - DATE AND TIME OF LATEST TRANSACTION
control field 20250617124857.0
008 - FIXED-LENGTH DATA ELEMENTS--GENERAL INFORMATION
fixed length control field 020731s2002 ne a |||||||||||||eng d
020 ## - INTERNATIONAL STANDARD BOOK NUMBER
International Standard Book Number 1402007930 (alk. paper)
040 ## - CATALOGING SOURCE
Original cataloging agency AM-YeHGA
090 ## - LOCALLY ASSIGNED LC-TYPE CALL NUMBER (OCLC); LOCAL CALL NUMBER (RLIN)
-- 88567
245 00 - TITLE STATEMENT
Title Asymptotic combinatorics with application to mathematical physics /
Statement of responsibility, etc. edited by Vadim Malyshev and Anatoly Vershik.
260 ## - PUBLICATION, DISTRIBUTION, ETC.
Place of publication, distribution, etc. Dordrecht ;
-- Boston :
Name of publisher, distributor, etc. Kluwer Academic Publishers,
Date of publication, distribution, etc. c2002.
300 ## - PHYSICAL DESCRIPTION
Extent xv, 327 p.
Other physical details ill. ;
Dimensions 25 cm.
440 #0 - SERIES STATEMENT/ADDED ENTRY--TITLE
Title NATO science series
Number of part/section of a work Series II
Name of part/section of a work Mathematics, physics, and chemistry
Volume/sequential designation v. 77
500 ## - GENERAL NOTE
General note "Published in cooperation with NATO Scientific Affairs Division."
500 ## - GENERAL NOTE
General note "Proceedings of the NATO Advanced Study Institute on Asymptotic Combinatorics with Application to Mathematical Physics, St. Petersburg, Russia, 9-22 July 2001"--T.p. verso.
504 ## - BIBLIOGRAPHY, ETC. NOTE
Bibliography, etc. note Includes bibliographical references
650 #0 - SUBJECT ADDED ENTRY--TOPICAL TERM
Topical term or geographic name entry element Combinatorial analysis
Form subdivision Congresses.
650 #0 - SUBJECT ADDED ENTRY--TOPICAL TERM
Topical term or geographic name entry element Asymptotic expansions
Form subdivision Congresses.
650 #0 - SUBJECT ADDED ENTRY--TOPICAL TERM
Topical term or geographic name entry element Mathematical physics
Form subdivision Congresses.
700 1# - ADDED ENTRY--PERSONAL NAME
Personal name Malyshev, V. A.
Miscellaneous information (Vadim Aleksandrovich)
700 1# - ADDED ENTRY--PERSONAL NAME
Personal name Vershik, A. M.
Miscellaneous information (Anatoli i Moiseevich),
Dates associated with a name 1933-
710 2# - ADDED ENTRY--CORPORATE NAME
Corporate name or jurisdiction name as entry element North Atlantic Treaty Organization.
Subordinate unit Scientific Affairs Division.
711 2# - ADDED ENTRY--MEETING NAME
Meeting name or jurisdiction name as entry element NATO Advanced Study Institute on Asymptotic Combinatorics with Application to Mathematical Physics
Date of meeting or treaty signing 2001
Location of meeting St. Petersburg, Russia)
Holdings
Withdrawn status Lost status Damaged status Not for loan Collection Home library Current library Date acquired Total checkouts Full call number Barcode Date last seen Price effective from Koha item type Public note
        General Fundamental Scientific Library Fundamental Scientific Library 22/12/2016   53:51 320110927 22/12/2016 22/12/2016 Գրքեր / Books 30 Days Loan


ՀՀ ԳԱԱ հիմնարար գիտական գրադարան
ՀՀ,Երևան 0019
Մարշալ Բաղրամյան 24/6
հեռախոս:(374-10) 52-47-50
Հետադարձ կապ

All site content, except where otherwise noted, is licensed under a
Creative Commons License